000 00529nam a2200193 a 4500
001 1770460529944
003 YourLibrary
005 20260207160834.0
008 260207s2006##################000#0#eng##
020 _a9780335216970
082 0 4 _a306.4
_bCRO
100 1 _aCrossley, Nick,
_eauthor.
245 1 0 _aReflexive Embodiment In Contemporary Society :
260 _bMcGraw-Hill Education (UK),
_c2006.
300 _a173 pages
650 0 _aSocial Science.
942 _cENGLISH
040 _aYourLibrary
_beng
_cYourLibrary
999 _c611194
_d611194